000 00591nam a2200229Ia 4500
003 OSt
005 20221005132704.0
006 a|||||r|||| 00| 0
007 ta
008 221004b |||||||| |||| 00| 0 mal d
024 _a58133
037 _cTextual
040 _aCRL
_cCRL
_bmal
041 _2mal
_amal
082 _aO32,7KDA,1, J6
100 _aPillai Kunzhan Au.
_9627507
245 0 _aUnniyaadeecharitam
260 _c1956
650 _aMALAYALAM LITERATURE
_938866
942 _hO32,7KDA,1, J6
_cTEXL
_2cc
999 _c1064515
_d1064515